000 006490000a22001930004500
001 768714001
003 CO-MdFUSB
005 20170424145918.0
008 170424s2005 cr ||||| |||| 00| 0 spa d
040 _aCO-MdFUSB
_bspa
_cCO-MdFUSB
_dCO-MdFUSB
041 _aspa
100 1 _aCasas, Alicia
_eautor
245 1 0 _a¿Qué puede hacer el educador ante situaciones de abuso sexual?
300 _aVolumen 7, número 25, (2005), Páginas 8-9
_c28 cm.
546 _aTexto en español
700 1 _aGarcía, Magdalena
773 0 _tAlcanzando a los Niños en Riesgo
_049458
_960571
_gVolumen 7, número 25, (2005), Páginas 8-9
_qPágina 8
942 _cANA
999 _c60955
_d60955